| 000 | 01088nac a22003377a 4500 | ||
|---|---|---|---|
| 001 | BR9404859 | ||
| 003 | BR-BrBNA | ||
| 005 | 20240105121530.0 | ||
| 008 | 230509b bl.|||m| |||| 00| 0 por d | ||
| 040 |
_aBR-BrBNA _bpor _cBiblioteca Nacional de Agricultura |
||
| 072 | _aH20 | ||
| 090 | _a0336 BR9404859 | ||
| 100 | 1 | _aAlmeida, A.M.R. | |
| 100 | 1 | _aYuki, V.A. | |
| 100 | 1 | _aVal, W.M. da C. | |
| 100 | 1 | _aHarada, A. | |
| 100 | 1 | _aPola, J.N. | |
| 100 | 1 | _aTurkiewsky, L. | |
| 110 | 1 |
_aCentro Nacional de Pesquisa de Soja, Londrina, PR (Brasil) _91793 |
|
| 245 | 1 | _aO virus do mosaico comum da soja: importancia economica, caracteristicas, epidemiologia e controle | |
| 260 | 3 |
_aLondrina, PR (Brasil): _c1994. |
|
| 300 | _a40 p. | ||
| 490 |
_aDocumentos - Centro Nacional de Pesquisa de Soja (Brazil) _vno. 63 _xISSN 0101-5494 |
||
| 500 | _aBibliography p. 35-40 (55 ref.); 10 tables; 7 illus. | ||
| 650 | _aSoja | ||
| 650 | _aMosaico | ||
| 650 | _aEpidemiologia | ||
| 650 | _aVariedade | ||
| 909 |
_a202312 _bLúcia Elande _c55 _dLúcia Elande |
||
| 942 |
_2AGRIS _n0 _cMS |
||
| 999 |
_c285842 _d285842 |
||